000
00260nam a2200109Ia 4500
008
190912s9999||||xx |||||||||||||| ||und||
100
_a
S.F. Mehmud
245
2
_a
A Short History of Islam
260
_a
Karachi
_b
Supreme Court
_c
1995
300
_a
258
942
_c
BK
999
_c
7535
_d
7535